Las novelas de caballerías españolas y portuguesas

Uloženo v:
Podrobná bibliografie
Hlavní autor: Thomas, Henry (Autor)
Médium: Kniha
Jazyk:španělština
Vydáno: Madrid Consejo Superior de Investigaciones Científicas 1952
Témata:
Tagy: Přidat tag
Žádné tagy, Buďte první, kdo vytvoří štítek k tomuto záznamu!

MARC

LEADER 00000nam a2200000 a 4500
001 UCT8413
003 CL-VaPUC
008 970326e19520000SP |||||||||||||||||spa|d
082 0 4 |a 863.09  |b THO  |2 21 
100 0 |a Thomas, Henry  |e author  |9 380148 
245 1 4 |a Las novelas de caballerías españolas y portuguesas 
300 |a 261 p 
942 |c BK 
945 |d 19970326 00:00:00  |a rleighto 
260 |a Madrid  |b Consejo Superior de Investigaciones Científicas  |c 1952 
650 0 |a Literatura española  |9 306261 
650 7 |a NOVELA ESPAÑOLA  |2 CL-VaPUC  |9 313139 
650 7 |a NOVELA PORTUGUESA  |2 CL-VaPUC  |9 371963 
650 0 |a Historia y crítica   |9 257407 
650 0 |a Crítica literaria   |9 269189 
583 |a last modification  |c 19970326 00:00:00  |k Rodrigo Vera 
999 |c 256912  |d 256910 
952 |0 0  |1 0  |4 0  |6 863_090000000000000_THO_1952  |7 0  |8 A  |9 280034  |a BIBEDU  |b BIBEDU  |d 2019-11-19  |i 327375K  |o 863.09 THO 1952  |p 327375K  |r 2019-11-19  |w 2019-11-19  |y BK  |k LIT